Higher Business - Operations - Statistics

General Stats
  • This quiz has been taken 7 times
  • The average score is 5 of 6
Answer Stats
Question Answer % Correct
Which of the following is an advantage of centralised inventory storage? Less duplication
100%
Select the correct definition of JIT (Just-in-time) Only ordering stock when it is needed and when an order has been placed
100%
Which factor should NOT be considered when setting a re-order quantity? the number of staff a business has
100%
Which method of production does this statement describe 'Products made using mainly human effort eg people rather than machines.' Labour Intensive
75%
Which of these is a disadvanatge of JIT May lose bulk buying discount/economies of scale
75%
Select the correct description of a feature of an inventory management system. the level which inventory should be re- ordered at is the re-order level
50%
No matching quizzes found
Score Distribution
Percent of People with Each Score
Percentile by Number Answered
Your Score History
You have not taken this quiz